Načítá se...
Progress in nucleic acid research and molecular biology V.10
| Hlavní autor: | |
|---|---|
| Další autoři: | |
| Médium: | Printed Book |
| Jazyk: | Undetermined English |
| Vydáno: |
Newyork
Academic Press
1970
|
| Témata: |
| LEADER | 00657nam a2200193Ia 4500 | ||
|---|---|---|---|
| 008 | 140306s9999 xx 000 0 und d | ||
| 041 | |a eng | ||
| 082 | |a 574. 873 72 |b PRO.10 | ||
| 100 | |a Cohn, Waldo E | ||
| 245 | |a Progress in nucleic acid research and molecular biology V.10 | ||
| 260 | |a Newyork |b Academic Press |c 1970 | ||
| 300 | |a 287 | ||
| 365 | |b $ 15.25/- | ||
| 650 | |a Cell differentiation | ||
| 650 | |a Protein synthesis | ||
| 700 | |a Davidson, J.N | ||
| 942 | |2 ddc |c BK | ||
| 999 | |c 84821 |d 84821 | ||
| 952 | |0 0 |1 0 |2 ddc |4 0 |6 574__873000000000000_72_PRO_10 |7 0 |9 81578 |a KAUACV |b KAUACV |d 2009-01-01 |g 15.25 |o 574. 873 72 PRO.10 |p KAU_ACV-10688 |r 2014-03-22 |w 2014-03-22 |y BK | ||